[Event "ODJM B 2024"]
[Site "Willingen GER"]
[Date "2024.05.23"]
[Round "7"]
[White "Törpel, Cedrik"]
[Black "Reuter, Max"]
[Result "1-0"]
[Termination "normal"]
[Board "9"]
[WhiteElo "1779"]
[BlackElo "1712"]
[WhiteClock "00:01:31"]
[BlackClock "00:01:52"]
[PlyCount "125"]
[WhiteFideId "34660380"]
[BlackFideId "16263715"]
[EventCountry "GER"]
[EventRounds "9"]
[EventType "swiss"]
[EventDate "2024.05.18"]

1. d4 {[%clk 01:30:58]} {[%emt 00:00:02]} d5 {[%clk 01:30:18]} {[%emt
00:00:42]} 2. c4 {[%clk 01:31:07]} {[%emt 00:00:21]} e6 {[%clk 01:30:29]}
{[%emt 00:00:20]} 3. g3 {[%clk 01:29:58]} {[%emt 00:01:38]} Nf6 {[%clk
01:30:25]} {[%emt 00:00:33]} 4. Bg2 {[%clk 01:30:23]} {[%emt 00:00:06]} h6
{[%clk 01:27:20]} {[%emt 00:03:36]} 5. Nf3 {[%clk 01:30:21]} {[%emt 00:00:31]}
Bb4+ {[%clk 01:21:37]} {[%emt 00:06:12]} 6. Bd2 {[%clk 01:30:12]} {[%emt
00:00:39]} Bxd2+ {[%clk 01:21:41]} {[%emt 00:00:26]} 7. Nbxd2 {[%clk 01:30:31]}
{[%emt 00:00:11]} O-O {[%clk 01:21:59]} {[%emt 00:00:12]} 8. O-O {[%clk
01:30:52]} {[%emt 00:00:10]} Nc6 {[%clk 01:20:24]} {[%emt 00:02:03]} 9. e3
{[%clk 01:19:19]} {[%emt 00:12:05]} Ne7 {[%clk 01:13:10]} {[%emt 00:07:44]} 10.
Qc2 {[%clk 01:16:18]} {[%emt 00:03:28]} Bd7 {[%clk 01:08:04]} {[%emt 00:05:39]}
11. Rfd1 {[%clk 01:14:02]} {[%emt 00:02:45]} Rc8 {[%clk 01:05:28]} {[%emt
00:03:07]} 12. Ne5 {[%clk 00:56:24]} {[%emt 00:18:08]} Be8 {[%clk 01:04:38]}
{[%emt 00:01:20]} 13. Nd3 {[%clk 00:44:20]} {[%emt 00:12:34]} b6 {[%clk
00:52:45]} {[%emt 00:12:23]} 14. c5 {[%clk 00:39:51]} {[%emt 00:04:59]} Bb5
{[%clk 00:47:37]} {[%emt 00:05:36]} 15. Ne5 {[%clk 00:38:24]} {[%emt 00:01:58]}
Nd7 {[%clk 00:46:19]} {[%emt 00:01:49]} 16. Ndf3 {[%clk 00:36:35]} {[%emt
00:02:18]} Nxe5 {[%clk 00:45:41]} {[%emt 00:01:08]} 17. Nxe5 {[%clk 00:36:07]}
{[%emt 00:00:58]} Be8 {[%clk 00:40:53]} {[%emt 00:05:18]} 18. Bh3 {[%clk
00:33:42]} {[%emt 00:02:55]} c6 {[%clk 00:35:02]} {[%emt 00:06:21]} 19. b4
{[%clk 00:29:46]} {[%emt 00:04:26]} Bd7 {[%clk 00:34:02]} {[%emt 00:01:29]} 20.
a4 {[%clk 00:26:47]} {[%emt 00:03:30]} f6 {[%clk 00:24:27]} {[%emt 00:10:05]}
21. Nf3 {[%clk 00:20:24]} {[%emt 00:06:53]} Kf7 {[%clk 00:22:12]} {[%emt
00:02:44]} 22. Bg4 {[%clk 00:18:04]} {[%emt 00:02:51]} Rh8 {[%clk 00:20:17]}
{[%emt 00:02:25]} 23. Rdb1 {[%clk 00:13:50]} {[%emt 00:04:45]} h5 {[%clk
00:19:11]} {[%emt 00:01:35]} 24. Bh3 {[%clk 00:14:04]} {[%emt 00:00:16]} g5
{[%clk 00:18:55]} {[%emt 00:00:46]} 25. Bf1 {[%clk 00:13:50]} {[%emt 00:00:44]}
bxc5 {[%clk 00:14:50]} {[%emt 00:04:35]} 26. dxc5 {[%clk 00:12:55]} {[%emt
00:01:26]} e5 {[%clk 00:11:21]} {[%emt 00:03:59]} 27. Nd2 {[%clk 00:11:44]}
{[%emt 00:01:40]} h4 {[%clk 00:10:07]} {[%emt 00:01:44]} 28. e4 {[%clk
00:11:05]} {[%emt 00:01:09]} hxg3 {[%clk 00:09:08]} {[%emt 00:01:29]} 29. fxg3
{[%clk 00:11:15]} {[%emt 00:00:20]} Qc7 {[%clk 00:03:25]} {[%emt 00:06:13]} 30.
Ra3 {[%clk 00:09:49]} {[%emt 00:01:57]} Rh6 {[%clk 00:02:33]} {[%emt 00:01:21]}
31. Rf3 {[%clk 00:08:37]} {[%emt 00:01:42]} a5 {[%clk 00:02:00]} {[%emt
00:01:04]} 32. Qb3 {[%clk 00:06:33]} {[%emt 00:02:34]} Be6 {[%clk 00:01:39]}
{[%emt 00:00:51]} 33. Qe3 {[%clk 00:03:19]} {[%emt 00:03:43]} Kg7 {[%clk
00:01:00]} {[%emt 00:01:09]} 34. Bd3 {[%clk 00:02:29]} {[%emt 00:01:21]} axb4
{[%clk 00:01:02]} {[%emt 00:00:27]} 35. Rbf1 {[%clk 00:02:00]} {[%emt
00:00:58]} d4 {[%clk 00:00:53]} {[%emt 00:00:40]} 36. Qf2 {[%clk 00:02:20]}
{[%emt 00:00:09]} Rf8 {[%clk 00:00:56]} {[%emt 00:00:28]} 37. Nc4 {[%clk
00:01:50]} {[%emt 00:01:01]} g4 {[%clk 00:00:52]} {[%emt 00:00:34]} 38. Rf5
{[%clk 00:01:29]} {[%emt 00:00:50]} Nxf5 {[%clk 00:01:13]} {[%emt 00:00:10]}
39. exf5 {[%clk 00:01:46]} {[%emt 00:00:12]} Bxc4 {[%clk 00:01:30]} {[%emt
00:00:13]} 40. Bxc4 {[%clk 00:02:15]} {[%emt 00:00:01]} Rfh8 {[%clk 00:01:07]}
{[%emt 00:00:54]} 41. h4 {[%clk 00:21:36]} {[%emt 00:16:17]} gxh3 {[%clk
00:27:02]} {[%emt 00:04:35]} 42. Kh2 {[%clk 00:21:55]} {[%emt 00:00:11]} Rh5
{[%clk 00:26:46]} {[%emt 00:00:46]} 43. Qf3 {[%clk 00:20:59]} {[%emt 00:01:26]}
Rg5 {[%clk 00:26:03]} {[%emt 00:01:13]} 44. Qe4 {[%clk 00:20:52]} {[%emt
00:00:38]} Ra8 {[%clk 00:15:18]} {[%emt 00:11:15]} 45. Bb3 {[%clk 00:18:27]}
{[%emt 00:02:54]} Ra5 {[%clk 00:10:53]} {[%emt 00:04:56]} 46. Rc1 {[%clk
00:16:05]} {[%emt 00:02:52]} Qd7 {[%clk 00:09:09]} {[%emt 00:02:13]} 47. Be6
{[%clk 00:16:06]} {[%emt 00:00:30]} Qe8 {[%clk 00:08:44]} {[%emt 00:00:54]} 48.
Bb3 {[%clk 00:15:12]} {[%emt 00:01:25]} Kf8 {[%clk 00:03:57]} {[%emt 00:05:17]}
49. Qd3 {[%clk 00:05:12]} {[%emt 00:10:30]} Rg7 {[%clk 00:01:16]} {[%emt
00:03:10]} 50. Qc4 {[%clk 00:03:52]} {[%emt 00:01:50]} Qd7 {[%clk 00:00:58]}
{[%emt 00:00:48]} 51. Qd3 {[%clk 00:01:21]} {[%emt 00:03:02]} Ke8 {[%clk
00:00:39]} {[%emt 00:00:49]} 52. Be6 {[%clk 00:00:51]} {[%emt 00:00:59]} Qa7
{[%clk 00:00:43]} {[%emt 00:00:27]} 53. Qe4 {[%clk 00:00:56]} {[%emt 00:00:25]}
Rxc5 {[%clk 00:00:53]} {[%emt 00:00:20]} 54. Rxc5 {[%clk 00:00:33]} {[%emt
00:00:52]} Qxc5 {[%clk 00:01:22]} {[%emt 00:00:02]} 55. a5 {[%clk 00:00:53]}
{[%emt 00:00:10]} d3 {[%clk 00:01:19]} {[%emt 00:00:33]} 56. Qh4 {[%clk
00:00:54]} {[%emt 00:00:29]} Qf2+ {[%clk 00:01:30]} {[%emt 00:00:19]} 57. Kxh3
{[%clk 00:01:16]} {[%emt 00:00:07]} Ke7 {[%clk 00:00:42]} {[%emt 00:01:19]} 58.
Qxb4+ {[%clk 00:01:34]} {[%emt 00:00:12]} Ke8 {[%clk 00:00:36]} {[%emt
00:00:36]} 59. Qb8+ {[%clk 00:01:46]} {[%emt 00:00:18]} Ke7 {[%clk 00:01:00]}
{[%emt 00:00:06]} 60. Qc7+ {[%clk 00:02:05]} {[%emt 00:00:10]} Ke8 {[%clk
00:01:10]} {[%emt 00:00:20]} 61. Qc8+ {[%clk 00:00:51]} {[%emt 00:01:44]} Ke7
{[%clk 00:01:26]} {[%emt 00:00:15]} 62. Qd7+ {[%clk 00:01:13]} {[%emt
00:00:08]} Kf8 {[%clk 00:01:52]} {[%emt 00:00:03]} 63. Qd8# {[%clk 00:01:31]}
{[%emt 00:00:11]} 1-0

[Event "ODJM B 2024"]
[Site "Willingen GER"]
[Date "2024.05.23"]
[Round "7"]
[White "Borgert, Alexander"]
[Black "Liang, Jiaxuan"]
[Result "0-1"]
[Termination "normal"]
[Board "10"]
[WhiteElo "1683"]
[BlackElo "1673"]
[WhiteClock "00:43:43"]
[BlackClock "00:08:56"]
[PlyCount "60"]
[WhiteFideId "16289188"]
[BlackFideId "34675205"]
[EventCountry "GER"]
[EventRounds "9"]
[EventType "swiss"]
[EventDate "2024.05.18"]

1. d4 {[%clk 01:30:51]} {[%emt 00:00:08]} d5 {[%clk 01:30:53]} {[%emt
00:00:07]} 2. c4 {[%clk 01:31:13]} {[%emt 00:00:08]} e6 {[%clk 01:31:18]}
{[%emt 00:00:05]} 3. Nc3 {[%clk 01:31:35]} {[%emt 00:00:07]} c6 {[%clk
01:31:44]} {[%emt 00:00:05]} 4. cxd5 {[%clk 01:31:57]} {[%emt 00:00:07]} cxd5
{[%clk 01:30:45]} {[%emt 00:01:30]} 5. Bf4 {[%clk 01:30:35]} {[%emt 00:01:51]}
Bd6 {[%clk 01:30:39]} {[%emt 00:00:37]} 6. Bxd6 {[%clk 01:29:48]} {[%emt
00:01:17]} Qxd6 {[%clk 01:31:08]} {[%emt 00:00:02]} 7. Nf3 {[%clk 01:30:06]}
{[%emt 00:00:11]} Nc6 {[%clk 01:29:04]} {[%emt 00:02:35]} 8. e3 {[%clk
01:30:26]} {[%emt 00:00:09]} Nge7 {[%clk 01:28:26]} {[%emt 00:01:08]} 9. a3
{[%clk 01:28:46]} {[%emt 00:02:10]} a6 {[%clk 01:25:42]} {[%emt 00:03:14]} 10.
Be2 {[%clk 01:26:52]} {[%emt 00:02:24]} O-O {[%clk 01:22:41]} {[%emt 00:03:31]}
11. O-O {[%clk 01:25:07]} {[%emt 00:02:14]} Bd7 {[%clk 01:18:09]} {[%emt
00:05:03]} 12. Na4 {[%clk 01:21:27]} {[%emt 00:04:10]} b5 {[%clk 01:14:52]}
{[%emt 00:03:48]} 13. Nc5 {[%clk 01:18:34]} {[%emt 00:03:21]} f6 {[%clk
01:12:03]} {[%emt 00:03:20]} 14. b4 {[%clk 01:15:49]} {[%emt 00:03:16]} Qc7
{[%clk 01:04:42]} {[%emt 00:07:51]} 15. Rc1 {[%clk 01:13:58]} {[%emt 00:02:20]}
Nf5 {[%clk 01:02:34]} {[%emt 00:02:37]} 16. Qb3 {[%clk 01:08:25]} {[%emt
00:06:03]} Nd6 {[%clk 00:53:17]} {[%emt 00:09:48]} 17. a4 {[%clk 01:01:27]}
{[%emt 00:07:29]} Rfb8 {[%clk 00:51:37]} {[%emt 00:02:09]} 18. axb5 {[%clk
00:58:58]} {[%emt 00:02:59]} axb5 {[%clk 00:50:27]} {[%emt 00:01:40]} 19. Ra1
{[%clk 00:56:38]} {[%emt 00:02:50]} Rxa1 {[%clk 00:42:32]} {[%emt 00:08:25]}
20. Rxa1 {[%clk 00:56:58]} {[%emt 00:00:10]} Qc8 {[%clk 00:33:14]} {[%emt
00:09:48]} 21. Nd2 {[%clk 00:55:20]} {[%emt 00:02:07]} Nc4 {[%clk 00:31:22]}
{[%emt 00:02:22]} 22. Nxc4 {[%clk 00:49:15]} {[%emt 00:06:36]} bxc4 {[%clk
00:28:35]} {[%emt 00:03:17]} 23. Qa3 {[%clk 00:49:07]} {[%emt 00:00:38]} Rxb4
{[%clk 00:24:51]} {[%emt 00:04:14]} 24. g3 {[%clk 00:46:42]} {[%emt 00:02:55]}
Kf7 {[%clk 00:18:52]} {[%emt 00:06:29]} 25. Qc3 {[%clk 00:45:56]} {[%emt
00:01:15]} Rb6 {[%clk 00:16:09]} {[%emt 00:03:13]} 26. Kg2 {[%clk 00:43:59]}
{[%emt 00:02:28]} Nd8 {[%clk 00:11:47]} {[%emt 00:04:52]} 27. Ra7 {[%clk
00:42:42]} {[%emt 00:01:47]} Nb7 {[%clk 00:09:48]} {[%emt 00:02:29]} 28. Qa5
{[%clk 00:42:53]} {[%emt 00:00:19]} Nxa5 {[%clk 00:09:21]} {[%emt 00:00:57]}
29. Rxd7+ {[%clk 00:43:20]} {[%emt 00:00:03]} Qxd7 {[%clk 00:08:52]} {[%emt
00:00:59]} 30. Nxd7 {[%clk 00:43:43]} {[%emt 00:00:06]} c3 {[%clk 00:08:56]}
{[%emt 00:00:27]} 0-1

[Event "ODJM B 2024"]
[Site "Willingen GER"]
[Date "2024.05.23"]
[Round "7"]
[White "Menke, Raphael Wilhelm"]
[Black "Seifert, Hendrik"]
[Result "1/2-1/2"]
[Termination "normal"]
[Board "11"]
[WhiteElo "1776"]
[BlackElo "1748"]
[WhiteClock "00:30:50"]
[BlackClock "00:18:30"]
[PlyCount "107"]
[WhiteFideId "34621008"]
[BlackFideId "16241193"]
[EventCountry "GER"]
[EventRounds "9"]
[EventType "swiss"]
[EventDate "2024.05.18"]

1. e4 {[%clk 01:30:58]} e5 {[%clk 01:30:43]} {[%emt 00:00:12]} 2. Nf3 {[%clk
01:31:28]} Nc6 {[%clk 01:31:05]} {[%emt 00:00:15]} 3. Nc3 {[%clk 01:31:52]}
{[%emt 00:00:05]} Nf6 {[%clk 01:31:03]} {[%emt 00:00:32]} 4. d4 {[%clk
01:32:16]} {[%emt 00:00:07]} exd4 {[%clk 01:30:30]} {[%emt 00:01:03]} 5. Nxd4
{[%clk 01:32:08]} {[%emt 00:00:38]} Bb4 {[%clk 01:29:36]} {[%emt 00:01:24]} 6.
Nxc6 {[%clk 01:32:21]} {[%emt 00:00:17]} bxc6 {[%clk 01:29:45]} {[%emt
00:00:20]} 7. Bd3 {[%clk 01:32:44]} {[%emt 00:00:07]} d5 {[%clk 01:27:37]}
{[%emt 00:02:39]} 8. exd5 {[%clk 01:32:41]} {[%emt 00:00:32]} cxd5 {[%clk
01:26:58]} {[%emt 00:01:09]} 9. O-O {[%clk 01:32:16]} {[%emt 00:00:55]} O-O
{[%clk 01:25:18]} {[%emt 00:02:10]} 10. h3 {[%clk 01:32:32]} {[%emt 00:00:14]}
Be6 {[%clk 01:22:07]} {[%emt 00:03:40]} 11. Qf3 {[%clk 01:30:20]} {[%emt
00:02:41]} Bxc3 {[%clk 01:19:27]} {[%emt 00:03:12]} 12. bxc3 {[%clk 01:30:01]}
{[%emt 00:00:49]} Rb8 {[%clk 01:16:39]} {[%emt 00:03:19]} 13. Be3 {[%clk
01:25:19]} {[%emt 00:05:12]} a5 {[%clk 01:05:26]} {[%emt 00:11:42]} 14. Rab1
{[%clk 01:23:29]} {[%emt 00:02:20]} Qe7 {[%clk 01:00:00]} {[%emt 00:05:57]} 15.
Bd4 {[%clk 01:14:52]} {[%emt 00:09:06]} h6 {[%clk 00:49:13]} {[%emt 00:11:17]}
16. Rfe1 {[%clk 01:05:41]} {[%emt 00:09:41]} Rfe8 {[%clk 00:37:09]} {[%emt
00:12:34]} 17. Qf4 {[%clk 00:50:57]} {[%emt 00:15:13]} Rxb1 {[%clk 00:23:58]}
{[%emt 00:13:42]} 18. Rxb1 {[%clk 00:51:14]} {[%emt 00:00:13]} c5 {[%clk
00:22:08]} {[%emt 00:02:19]} 19. Bxf6 {[%clk 00:50:38]} {[%emt 00:01:06]} Qxf6
{[%clk 00:22:22]} {[%emt 00:00:17]} 20. Qxf6 {[%clk 00:50:55]} {[%emt
00:00:13]} gxf6 {[%clk 00:22:48]} {[%emt 00:00:04]} 21. Rb5 {[%clk 00:50:50]}
{[%emt 00:00:34]} c4 {[%clk 00:22:55]} {[%emt 00:00:24]} 22. Bf1 {[%clk
00:49:33]} {[%emt 00:01:46]} Ra8 {[%clk 00:13:44]} {[%emt 00:09:42]} 23. g4
{[%clk 00:47:04]} {[%emt 00:02:58]} f5 {[%clk 00:08:49]} {[%emt 00:05:26]} 24.
gxf5 {[%clk 00:44:24]} {[%emt 00:03:09]} Bxf5 {[%clk 00:09:08]} {[%emt
00:00:11]} 25. Rxd5 {[%clk 00:44:21]} {[%emt 00:00:33]} Bxc2 {[%clk 00:08:08]}
{[%emt 00:01:30]} 26. Bxc4 {[%clk 00:43:12]} {[%emt 00:01:39]} Rc8 {[%clk
00:06:13]} {[%emt 00:02:25]} 27. Rd4 {[%clk 00:41:44]} {[%emt 00:01:58]} Bf5
{[%clk 00:05:44]} {[%emt 00:01:00]} 28. h4 {[%clk 00:39:24]} {[%emt 00:02:49]}
Kg7 {[%clk 00:04:53]} {[%emt 00:01:21]} 29. Kg2 {[%clk 00:36:58]} {[%emt
00:02:55]} Kf6 {[%clk 00:03:18]} {[%emt 00:02:06]} 30. Kf3 {[%clk 00:34:52]}
{[%emt 00:02:36]} Be6 {[%clk 00:03:09]} {[%emt 00:00:39]} 31. Bxe6 {[%clk
00:33:49]} {[%emt 00:01:33]} Kxe6 {[%clk 00:03:09]} {[%emt 00:00:31]} 32. c4
{[%clk 00:32:29]} {[%emt 00:01:49]} Rb8 {[%clk 00:02:42]} {[%emt 00:00:58]} 33.
Rd5 {[%clk 00:27:28]} {[%emt 00:05:30]} Rc8 {[%clk 00:02:29]} {[%emt 00:00:44]}
34. Rxa5 {[%clk 00:26:49]} {[%emt 00:01:08]} Rxc4 {[%clk 00:02:45]} {[%emt
00:00:14]} 35. Kg3 {[%clk 00:26:03]} {[%emt 00:01:15]} Kf6 {[%clk 00:02:54]}
{[%emt 00:00:22]} 36. Ra6+ {[%clk 00:24:05]} {[%emt 00:02:29]} Kg7 {[%clk
00:03:12]} {[%emt 00:00:12]} 37. a4 {[%clk 00:24:04]} {[%emt 00:00:30]} Rb4
{[%clk 00:03:26]} {[%emt 00:00:17]} 38. a5 {[%clk 00:22:17]} {[%emt 00:02:17]}
Rb3+ {[%clk 00:03:09]} {[%emt 00:00:46]} 39. f3 {[%clk 00:22:10]} {[%emt
00:00:37]} Rb4 {[%clk 00:03:16]} {[%emt 00:00:24]} 40. Ra8 {[%clk 00:20:01]}
{[%emt 00:02:38]} Rb5 {[%clk 00:02:04]} {[%emt 00:01:43]} 41. a6 {[%clk
00:19:58]} {[%emt 00:00:32]} Ra5 {[%clk 00:01:35]} {[%emt 00:00:58]} 42. a7
{[%clk 00:19:39]} {[%emt 00:00:50]} Kh7 {[%clk 00:01:07]} {[%emt 00:00:58]} 43.
Kf4 {[%clk 00:18:40]} {[%emt 00:01:29]} Kg7 {[%clk 00:25:57]} {[%emt 00:05:40]}
44. Kg4 {[%clk 00:46:04]} {[%emt 00:03:06]} Ra4+ {[%clk 00:23:39]} {[%emt
00:02:48]} 45. f4 {[%clk 00:43:58]} {[%emt 00:02:36]} Ra5 {[%clk 00:22:12]}
{[%emt 00:01:58]} 46. h5 {[%clk 00:43:15]} {[%emt 00:01:13]} Ra4 {[%clk
00:21:13]} {[%emt 00:01:28]} 47. Kf5 {[%clk 00:43:08]} {[%emt 00:00:37]} Ra5+
{[%clk 00:21:28]} {[%emt 00:00:16]} 48. Ke4 {[%clk 00:42:54]} {[%emt 00:00:43]}
Ra4+ {[%clk 00:21:35]} {[%emt 00:00:23]} 49. Ke5 {[%clk 00:42:08]} {[%emt
00:01:16]} Ra5+ {[%clk 00:21:44]} {[%emt 00:00:22]} 50. Kd6 {[%clk 00:41:16]}
{[%emt 00:01:20]} Ra6+ {[%clk 00:21:15]} {[%emt 00:01:01]} 51. Ke7 {[%clk
00:36:33]} {[%emt 00:05:13]} Ra1 {[%clk 00:20:34]} {[%emt 00:01:10]} 52. Kd6
{[%clk 00:34:15]} {[%emt 00:02:48]} Ra6+ {[%clk 00:19:06]} {[%emt 00:01:58]}
53. Ke5 {[%clk 00:31:02]} {[%emt 00:03:44]} Ra5+ {[%clk 00:18:30]} {[%emt
00:01:06]} 54. Ke4 {[%clk 00:30:50]} {[%emt 00:00:40]} 1/2-1/2

[Event "ODJM B 2024"]
[Site "Willingen GER"]
[Date "2024.05.23"]
[Round "7"]
[White "Klein, Raphael"]
[Black "Bock, Leonas"]
[Result "1/2-1/2"]
[Termination "normal"]
[Board "12"]
[WhiteElo "1673"]
[BlackElo "1603"]
[WhiteClock "00:04:57"]
[BlackClock "00:00:45"]
[PlyCount "81"]
[WhiteFideId "16283791"]
[BlackFideId "16287118"]
[EventCountry "GER"]
[EventRounds "9"]
[EventType "swiss"]
[EventDate "2024.05.18"]

1. d4 {[%clk 01:30:57]} {[%emt 00:00:02]} d5 {[%clk 01:30:51]} {[%emt
00:00:09]} 2. Nf3 {[%clk 01:31:22]} {[%emt 00:00:06]} Nf6 {[%clk 01:30:53]}
{[%emt 00:00:27]} 3. g3 {[%clk 01:31:47]} {[%emt 00:00:05]} Bf5 {[%clk
01:30:52]} {[%emt 00:00:31]} 4. Bg2 {[%clk 01:32:12]} {[%emt 00:00:06]} h6
{[%clk 01:30:56]} {[%emt 00:00:26]} 5. O-O {[%clk 01:32:35]} {[%emt 00:00:06]}
c6 {[%clk 01:30:38]} {[%emt 00:00:48]} 6. c4 {[%clk 01:33:00]} {[%emt
00:00:05]} e6 {[%clk 01:30:47]} {[%emt 00:00:21]} 7. Qb3 {[%clk 01:33:22]}
{[%emt 00:00:08]} Qb6 {[%clk 01:29:06]} {[%emt 00:02:11]} 8. c5 {[%clk
01:33:28]} {[%emt 00:00:24]} Qxb3 {[%clk 01:29:00]} {[%emt 00:00:37]} 9. axb3
{[%clk 01:33:56]} {[%emt 00:00:02]} Nbd7 {[%clk 01:29:12]} {[%emt 00:00:18]}
10. Nc3 {[%clk 01:34:05]} {[%emt 00:00:21]} a6 {[%clk 01:29:05]} {[%emt
00:00:37]} 11. b4 {[%clk 01:34:03]} {[%emt 00:00:32]} O-O-O {[%clk 01:25:40]}
{[%emt 00:03:54]} 12. Ra3 {[%clk 01:26:40]} {[%emt 00:07:54]} Be7 {[%clk
01:17:54]} {[%emt 00:08:15]} 13. Bd2 {[%clk 01:17:24]} {[%emt 00:09:46]} Ne4
{[%clk 01:09:47]} {[%emt 00:08:37]} 14. Rd1 {[%clk 01:01:17]} {[%emt 00:16:36]}
Nxd2 {[%clk 01:01:31]} {[%emt 00:08:47]} 15. Nxd2 {[%clk 01:00:28]} {[%emt
00:01:18]} e5 {[%clk 00:55:29]} {[%emt 00:06:34]} 16. e3 {[%clk 00:48:49]}
{[%emt 00:12:08]} Bf6 {[%clk 00:41:55]} {[%emt 00:14:03]} 17. Nf3 {[%clk
00:47:12]} {[%emt 00:02:08]} Rde8 {[%clk 00:32:23]} {[%emt 00:10:01]} 18. h3
{[%clk 00:39:57]} {[%emt 00:07:45]} g5 {[%clk 00:24:30]} {[%emt 00:08:23]} 19.
dxe5 {[%clk 00:38:10]} {[%emt 00:02:18]} Nxe5 {[%clk 00:22:58]} {[%emt
00:02:02]} 20. Nd4 {[%clk 00:38:14]} {[%emt 00:00:26]} Bg6 {[%clk 00:21:03]}
{[%emt 00:02:25]} 21. Bf1 {[%clk 00:34:11]} {[%emt 00:04:34]} Nd7 {[%clk
00:07:58]} {[%emt 00:13:34]} 22. Be2 {[%clk 00:29:50]} {[%emt 00:04:52]} Bxd4
{[%clk 00:07:06]} {[%emt 00:01:21]} 23. exd4 {[%clk 00:29:32]} {[%emt
00:00:48]} Re7 {[%clk 00:05:43]} {[%emt 00:01:54]} 24. Bd3 {[%clk 00:24:31]}
{[%emt 00:05:30]} Bxd3 {[%clk 00:04:51]} {[%emt 00:01:22]} 25. Rxd3 {[%clk
00:24:59]} {[%emt 00:00:02]} f5 {[%clk 00:04:22]} {[%emt 00:00:59]} 26. Kg2
{[%clk 00:23:30]} {[%emt 00:01:59]} Rf8 {[%clk 00:03:51]} {[%emt 00:01:00]} 27.
f3 {[%clk 00:12:19]} {[%emt 00:11:42]} Rfe8 {[%clk 00:02:07]} {[%emt 00:02:15]}
28. Ra1 {[%clk 00:12:06]} {[%emt 00:00:43]} Nf6 {[%clk 00:01:45]} {[%emt
00:00:50]} 29. Kf2 {[%clk 00:12:25]} {[%emt 00:00:12]} Kd7 {[%clk 00:01:15]}
{[%emt 00:01:00]} 30. Rdd1 {[%clk 00:11:04]} {[%emt 00:01:51]} Re6 {[%clk
00:00:47]} {[%emt 00:00:57]} 31. Re1 {[%clk 00:08:50]} {[%emt 00:02:45]} Rxe1
{[%clk 00:00:46]} {[%emt 00:00:31]} 32. Rxe1 {[%clk 00:09:17]} {[%emt
00:00:03]} Rxe1 {[%clk 00:01:14]} {[%emt 00:00:02]} 33. Kxe1 {[%clk 00:09:41]}
{[%emt 00:00:05]} g4 {[%clk 00:00:43]} {[%emt 00:01:01]} 34. fxg4 {[%clk
00:05:11]} {[%emt 00:05:01]} fxg4 {[%clk 00:00:59]} {[%emt 00:00:14]} 35. h4
{[%clk 00:05:38]} {[%emt 00:00:03]} Ke6 {[%clk 00:00:38]} {[%emt 00:00:51]} 36.
Ke2 {[%clk 00:05:58]} {[%emt 00:00:11]} Nh5 {[%clk 00:00:37]} {[%emt 00:00:31]}
37. Kf2 {[%clk 00:06:10]} {[%emt 00:00:18]} Kf5 {[%clk 00:00:44]} {[%emt
00:00:22]} 38. b3 {[%clk 00:05:53]} {[%emt 00:00:46]} Nf6 {[%clk 00:00:35]}
{[%emt 00:00:40]} 39. Ke3 {[%clk 00:06:01]} {[%emt 00:00:22]} h5 {[%clk
00:00:37]} {[%emt 00:00:27]} 40. Ne2 {[%clk 00:05:03]} {[%emt 00:01:28]} Ne4
{[%clk 00:00:45]} {[%emt 00:00:23]} 41. Kd3 {[%clk 00:04:57]} 1/2-1/2